000
00292nam a2200145Ia 4500
100
_a
University of Mumbai
942
_c
BK
654
_a
Compendium
245
_a
Compendium
260
_b
University
_a
Bombay
_c
1994
082
_a
378.07
300
_a
728
546
_a
ENGLISH
999
_c
32799
_d
32799